<?xml version="1.0" encoding="UTF-8"?>
<record
    xmlns:xsi="http://www.w3.org/2001/XMLSchema-instance"
    xsi:schemaLocation="http://www.loc.gov/MARC21/slim http://www.loc.gov/standards/marcxml/schema/MARC21slim.xsd"
    xmlns="http://www.loc.gov/MARC21/slim">

  <leader>02171cam a2200337 i 4500</leader>
  <controlfield tag="003">SA-RiAUC</controlfield>
  <controlfield tag="005">20250418144406.0</controlfield>
  <controlfield tag="008">250319s1985    ua     g      000 0bara c</controlfield>
  <datafield tag="020" ind1=" " ind2=" ">
    <subfield code="a">9771431123</subfield>
  </datafield>
  <datafield tag="024" ind1="0" ind2=" ">
    <subfield code="a">00000000979825</subfield>
  </datafield>
  <datafield tag="040" ind1=" " ind2=" ">
    <subfield code="a">SA-RiAUC</subfield>
    <subfield code="b">ara</subfield>
    <subfield code="c">SA-RiAUC</subfield>
    <subfield code="d">AE-DuMBRL</subfield>
    <subfield code="e">rda</subfield>
  </datafield>
  <datafield tag="082" ind1="0" ind2="4">
    <subfield code="a">922.1</subfield>
    <subfield code="q">SA-RiAUC</subfield>
  </datafield>
  <datafield tag="090" ind1=" " ind2=" ">
    <subfield code="a">922.1</subfield>
    <subfield code="b">&#x639; &#x628; &#x62F;</subfield>
  </datafield>
  <datafield tag="100" ind1="1" ind2=" ">
    <subfield code="a">&#x639;&#x628;&#x62F; &#x627;&#x644;&#x631;&#x627;&#x632;&#x642;&#x60C; &#x623;&#x628;&#x648; &#x628;&#x643;&#x631;</subfield>
    <subfield code="e">&#x645;&#x624;&#x644;&#x641;.</subfield>
  </datafield>
  <datafield tag="245" ind1="1" ind2="0">
    <subfield code="a">&#x623;&#x628;&#x648; &#x632;&#x647;&#x631;&#x629; &#x625;&#x645;&#x627;&#x645; &#x639;&#x635;&#x631;&#x647; :</subfield>
    <subfield code="b">&#x62D;&#x64A;&#x627;&#x62A;&#x647; &#x648;&#x623;&#x62B;&#x631;&#x647; &#x627;&#x644;&#x639;&#x644;&#x645;&#x64A; /</subfield>
    <subfield code="c">&#x623;&#x628;&#x648; &#x628;&#x643;&#x631; &#x639;&#x628;&#x62F; &#x627;&#x644;&#x631;&#x632;&#x627;&#x642;.</subfield>
  </datafield>
  <datafield tag="250" ind1=" " ind2=" ">
    <subfield code="a">&#x627;&#x644;&#x637;&#x628;&#x639;&#x629; &#x627;&#x644;&#x623;&#x648;&#x644;&#x649;.</subfield>
  </datafield>
  <datafield tag="264" ind1=" " ind2="1">
    <subfield code="a">&#x627;&#x644;&#x642;&#x627;&#x647;&#x631;&#x629; :</subfield>
    <subfield code="b">&#x62F;&#x627;&#x631; &#x627;&#x644;&#x627;&#x639;&#x62A;&#x635;&#x627;&#x645;&#x60C;</subfield>
    <subfield code="c">[1985]</subfield>
  </datafield>
  <datafield tag="264" ind1=" " ind2="3">
    <subfield code="a">&#x634;&#x628;&#x631;&#x627; &#x645;&#x635;&#x631; [&#x645;&#x635;&#x631;] :</subfield>
    <subfield code="b">&#x62F;&#x627;&#x631; &#x627;&#x644;&#x646;&#x635;&#x631; &#x644;&#x644;&#x637;&#x628;&#x627;&#x639;&#x629;</subfield>
  </datafield>
  <datafield tag="300" ind1=" " ind2=" ">
    <subfield code="a">231 &#x635;&#x641;&#x62D;&#x629; &#x61B;</subfield>
    <subfield code="c">24 &#xD7; 17 &#x633;&#x645;.</subfield>
  </datafield>
  <datafield tag="336" ind1=" " ind2=" ">
    <subfield code="a">&#x646;&#x635;</subfield>
    <subfield code="b">txt</subfield>
    <subfield code="2">rdacontent</subfield>
    <subfield code="3">&#x643;&#x62A;&#x627;&#x628;</subfield>
  </datafield>
  <datafield tag="337" ind1=" " ind2=" ">
    <subfield code="a">&#x628;&#x62F;&#x648;&#x646; &#x648;&#x633;&#x64A;&#x637;</subfield>
    <subfield code="b">n</subfield>
    <subfield code="2">rdamedia</subfield>
  </datafield>
  <datafield tag="338" ind1=" " ind2=" ">
    <subfield code="a">&#x645;&#x62C;&#x644;&#x62F;</subfield>
    <subfield code="b">nc</subfield>
    <subfield code="2">rdacarrier</subfield>
  </datafield>
  <datafield tag="490" ind1="0" ind2=" ">
    <subfield code="a">&#x642;&#x645;&#x645; &#x625;&#x633;&#x644;&#x627;&#x645;&#x64A;&#x629;</subfield>
  </datafield>
  <datafield tag="500" ind1=" " ind2=" ">
    <subfield code="a">&#x62A;&#x627;&#x631;&#x64A;&#x62E; &#x627;&#x644;&#x646;&#x634;&#x631; &#x645;&#x646; &#x627;&#x644;&#x625;&#x64A;&#x62F;&#x627;&#x639;.</subfield>
  </datafield>
  <datafield tag="520" ind1=" " ind2=" ">
    <subfield code="a">&#x64A;&#x62A;&#x646;&#x627;&#x648;&#x644; &#x643;&#x62A;&#x627;&#x628; (&#x623;&#x628;&#x648; &#x632;&#x647;&#x631;&#x629; &#x625;&#x645;&#x627;&#x645; &#x639;&#x635;&#x631;&#x647; &#x62D;&#x64A;&#x627;&#x62A;&#x647; &#x648;&#x623;&#x62B;&#x631;&#x647; &#x627;&#x644;&#x639;&#x644;&#x645;&#x64A;) &#x648;&#x627;&#x644;&#x630;&#x64A; &#x642;&#x627;&#x645; &#x628;&#x62A;&#x623;&#x644;&#x64A;&#x641;&#x647; &#x623;&#x628;&#x648; &#x628;&#x643;&#x631; &#x639;&#x628;&#x62F; &#x627;&#x644;&#x631;&#x627;&#x632;&#x642;&#x60C; &#x645;&#x648;&#x636;&#x648;&#x639; (&#x62A;&#x631;&#x62C;&#x645;&#x629;) &#x647;&#x630;&#x627; &#x643;&#x62A;&#x627;&#x628; &#x64A;&#x642;&#x62F;&#x645; &#x644;&#x644;&#x645;&#x633;&#x644;&#x645;&#x64A;&#x646; &#x633;&#x64A;&#x631;&#x629; &#x627;&#x644;&#x625;&#x645;&#x627;&#x645; &#x645;&#x62D;&#x645;&#x62F; &#x623;&#x628;&#x648; &#x632;&#x647;&#x631;&#x629;&#x60C; &#x625;&#x62D;&#x64A;&#x627;&#x621; &#x644;&#x630;&#x643;&#x631;&#x627;&#x647; &#x648;&#x62A;&#x639;&#x631;&#x64A;&#x641;&#x627; &#x644;&#x644;&#x623;&#x62C;&#x64A;&#x627;&#x644; &#x627;&#x644;&#x62C;&#x62F;&#x64A;&#x62F;&#x629; &#x628;&#x646;&#x634;&#x627;&#x637;&#x647; &#x627;&#x644;&#x639;&#x644;&#x645;&#x64A; &#x648;&#x627;&#x644;&#x639;&#x645;&#x644;&#x64A;.. &#x633;&#x64A;&#x631;&#x629; &#x625;&#x645;&#x627;&#x645; &#x648;&#x62B;&#x64A;&#x642; &#x641;&#x64A; &#x641;&#x642;&#x647;&#x647;&#x60C; &#x62F;&#x642;&#x64A;&#x642; &#x641;&#x64A; &#x639;&#x644;&#x645;&#x647;&#x60C; &#x631;&#x645;&#x642; &#x627;&#x644;&#x633;&#x627;&#x633;&#x629; &#x627;&#x644;&#x645;&#x633;&#x62A;&#x628;&#x62F;&#x64A;&#x646; &#x628;&#x627;&#x632;&#x62F;&#x631;&#x627;&#x621;&#x60C; &#x648;&#x623;&#x62F;&#x627;&#x631; &#x648;&#x62C;&#x647;&#x647; &#x639;&#x646;&#x647;&#x645; &#x645;&#x633;&#x62A;&#x63A;&#x646;&#x64A;&#x627; &#x645;&#x62A;&#x622;&#x628;&#x64A;&#x627;. &#x648;&#x627;&#x644;&#x643;&#x62A;&#x627;&#x628; &#x62F;&#x644;&#x64A;&#x644; &#x648;&#x641;&#x627;&#x621; &#x641;&#x64A; &#x639;&#x627;&#x644;&#x645; &#x63A;&#x627;&#x636; &#x641;&#x64A;&#x647; &#x627;&#x644;&#x648;&#x641;&#x627;&#x621;&#x60C; &#x648;&#x634;&#x627;&#x639; &#x645;&#x646;&#x637;&#x642; &#x627;&#x644;&#x642;&#x648;&#x629; &#x648;&#x627;&#x644;&#x632;&#x644;&#x641;&#x649;&#x60C; &#x648;&#x647;&#x648; &#x627;&#x631;&#x62A;&#x628;&#x627;&#x637; &#x628;&#x642;&#x627;&#x62F;&#x629; &#x627;&#x644;&#x639;&#x644;&#x645; &#x627;&#x644;&#x62F;&#x64A;&#x646;&#x64A; &#x627;&#x644;&#x646;&#x642;&#x64A; &#x641;&#x64A; &#x623;&#x64A;&#x627;&#x645; &#x636;&#x639;&#x641;&#x62A; &#x641;&#x64A;&#x647;&#x627; &#x627;&#x644;&#x62B;&#x642;&#x627;&#x641;&#x629; &#x627;&#x644;&#x62F;&#x64A;&#x646;&#x64A;&#x629;&#x60C; &#x648;&#x634;&#x62D;&#x628; &#x648;&#x62C;&#x647;&#x647;&#x627;.  </subfield>
  </datafield>
  <datafield tag="600" ind1="1" ind2="7">
    <subfield code="a">&#x623;&#x628;&#x648; &#x632;&#x647;&#x631;&#x629;&#x60C; &#x645;&#x62D;&#x645;&#x62F;&#x60C;</subfield>
    <subfield code="d">1898-1974</subfield>
    <subfield code="2">aucnm</subfield>
  </datafield>
  <datafield tag="650" ind1=" " ind2="7">
    <subfield code="a">&#x627;&#x644;&#x641;&#x642;&#x647;&#x627;&#x621;</subfield>
    <subfield code="v">&#x62A;&#x631;&#x627;&#x62C;&#x645;</subfield>
    <subfield code="2">aucsh</subfield>
  </datafield>
  <datafield tag="942" ind1=" " ind2=" ">
    <subfield code="2">ddc</subfield>
    <subfield code="c">BOOK</subfield>
    <subfield code="n">0</subfield>
  </datafield>
  <datafield tag="949" ind1=" " ind2=" ">
    <subfield code="a">SA-JeALM</subfield>
    <subfield code="d">250319</subfield>
    <subfield code="u">mohamedma123</subfield>
    <subfield code="n">1</subfield>
  </datafield>
  <datafield tag="952" ind1=" " ind2=" ">
    <subfield code="0">0</subfield>
    <subfield code="1">0</subfield>
    <subfield code="2">ddc</subfield>
    <subfield code="4">0</subfield>
    <subfield code="7">0</subfield>
    <subfield code="a">WAHAB</subfield>
    <subfield code="b">WAHAB</subfield>
    <subfield code="d">2025-04-13</subfield>
    <subfield code="l">0</subfield>
    <subfield code="o">922.1 &#x639; &#x628; &#x62F;</subfield>
    <subfield code="p">000011590</subfield>
    <subfield code="r">2025-04-13 05:57:04</subfield>
    <subfield code="w">2025-04-13</subfield>
    <subfield code="y">BOOK</subfield>
  </datafield>
  <datafield tag="952" ind1=" " ind2=" ">
    <subfield code="0">0</subfield>
    <subfield code="1">0</subfield>
    <subfield code="2">ddc</subfield>
    <subfield code="4">0</subfield>
    <subfield code="7">0</subfield>
    <subfield code="a">WAHAB</subfield>
    <subfield code="b">WAHAB</subfield>
    <subfield code="d">2025-04-18</subfield>
    <subfield code="l">0</subfield>
    <subfield code="o">922.1  &#x639; &#x628; &#x62F;</subfield>
    <subfield code="p">000011792</subfield>
    <subfield code="r">2025-04-18 14:44:39</subfield>
    <subfield code="w">2025-04-18</subfield>
    <subfield code="y">BOOK</subfield>
  </datafield>
  <datafield tag="999" ind1=" " ind2=" ">
    <subfield code="c">6932</subfield>
    <subfield code="d">6932</subfield>
  </datafield>
</record>
